Isme-isme dewasa ini

Bibliographic Details
Main Authors: Ebenstein, William , 1910-1976 (Author), Fogelman, Edwin (Author)
Format: Book
Published: Jakarta : Erlangga , 1987
Edition:Ed. 9
Subjects:

MARC

LEADER 00000cam a2200000 7i4500
001 0000007090
005 20161122093000.0
008 021119n
090 0 0 |a HX86   |b .E215 1987 
100 0 |a Ebenstein, William ,   |d 1910-1976 ,   |e author 
245 0 0 |a Isme-isme dewasa ini   |c William Ebenstein and Edwin Fogelman   |f alih bahasa Alex Jemadu 
250 |a Ed. 9 
260 2 |a Jakarta :   |b Erlangga ,   |c 1987 
300 |a 258 ms. ; ;   |c 24 cm. 
501 |a Terjemahan: Today's isms. 9th ed. c1985 
504 |a Mengandungi indeks 
650 0 |a Capitalism 
650 0 |a Communism 
650 0 |a Fascism 
650 0 |a Socialism 
700 0 |a Fogelman, Edwin ,   |e author 
999 |a 1000027593   |b Book   |c OPEN SHELF (30 DAYS)   |e Gong Badak Campus